• 首页
  • 本馆介绍
  • 公告通知
  • 最新文献
  • 馆藏检索
  • 电子资源
  • 读者导购
  • 参考咨询
  • 我的图书馆
  • 登录
  • 详细信息显示
  • 放入我的书架
  • 预约/预借图书
  • 作者相关作品
  • 分类相关作品
  • 丛书相关作品
  • 出版社相关作品

书目信息

  • 表格格式
  • 工作单格式
  • 卡片格式
题名:
国情概要
    
 
作者: 吴树明 主编
分册:  
出版信息: 北京   中国经济出版社  1991.1
页数: 267页
开本: 20cm
丛书名:
单 册:
中图分类: D647
科图分类: 31.24
主题词: 爱国主义教育--学习参考资料
电子资源:
ISBN: 7-5017-0555-0
000 00783nam0 2200253 45
001 0191027229
005 20070710105256.45
010    @a7-5017-0555-0@dCNY5.60
100    @a19911115d1991 em y0chiy0121 ea
101 0  @achi
102    @aCN@b110000
105    @ay z 000yy
200 10 @a国情概要@AGUO QING GAI YAO@f吴树明主编@FWU SHU MING ZHU BIAN
210    @a北京@c中国经济出版社@d1991.1
215    @a267页@d20cm
330    @a本书叙述了伟大社会主义祖国概况、四项基本原则的历史性选择、社会主义制度的优越性和生命力、经济、文化、资源、人口等。
540 1  @a国情@AGUO QING
606    @a爱国主义教育@x学习参考资料
607    @a中国@x概况
690    @aD647
692    @a31.24
701  0 @a吴树明@AWU SHU MING@4主编
801  0 @aCN@bTSSF@c20070710
905    @a10447@dD647@e124
    
    国情概要/吴树明主编.-北京:中国经济出版社,1991.1
    267页;20cm
    
    
    ISBN 7-5017-0555-0:CNY5.60
    本书叙述了伟大社会主义祖国概况、四项基本原则的历史性选择、社会主义制度的优越性和生命力、经济、文化、资源、人口等。
●
相关链接 在E读中查询图书 在五车中查询图书 在当当中查询图书 在豆瓣中查询图书


正题名:国情概要     索取号:D647/124         预约/预借

序号 登录号 条形码 馆藏地/架位号 状态 备注
1 0765218   207652182   第一样本阅览室/ [索取号:D647/124] 在馆    
唐山师范学院图书馆 欢迎您!
大连网信软件有限公司© 版权所有